Countries Closest To China - Statistics

General Stats
  • This quiz has been taken 21 times
  • The average score is 19 of 20
Answer Stats
dist. km Answer % Correct
0 India
100%
882 Japan
100%
0 Mongolia
100%
0 North Korea
100%
0 Russia
100%
399 South Korea
100%
0 Vietnam
100%
0 Bhutan
95%
0 Kazakhstan
95%
0 Kyrgyzstan
95%
0 Laos
95%
0 Nepal
95%
0 Tajikistan
95%
621 Thailand
95%
0 Afghanistan
89%
0 Myanmar
89%
0 Pakistan
89%
24 Taiwan
89%
873 Philippines
79%
1850 Malaysia
63%
No matching quizzes found
Score Distribution
Percent of People with Each Score
Percentile by Number Answered
Your Score History
You have not taken this quiz